000 00372nam a2200133Ia 4500
008 100328s9999 xx 000 0 und d
082 _b63688
100 _aमहाजन सुलक्षणा
245 _aजग बदललं.
260 _bग्रंथाली.
630 _aजग बदललं.
730 _aजग बदललं.
942 _cBOOK
999 _c549551
_d549548